| 000 | 00493nam a22001457a 4500 | ||
|---|---|---|---|
| 008 | 150120b xxu||||| |||| 00| 0 eng d | ||
| 050 | _aQC174.12.J63 1966 | ||
| 100 |
_aJammer, Max _913414 |
||
| 245 |
_aThe conceptual development of quantum mechanics/ _cMax Jammer. |
||
| 260 |
_aNew York: _bMcGraw-Hill Book Company, _c1966. |
||
| 300 |
_axii, 399p. _c23 cm. |
||
| 440 |
_aInternational Series in Pure and Applied Physics _914259 |
||
| 650 |
_aQuantum theory _914260 |
||
| 942 |
_2lcc _cMONOGRAPH |
||
| 999 |
_c121780 _d121780 |
||